000 00292 a2200157 4500
001 60165
020 _a
040 _cAnchieta - Pituba
100 _aRizzo, Gilda
240 1 0 _aCreche
_lpor
245 1 0 _aCreche
300 _a258
362 0 _a1984
650 4 _aEducação
942 _cBK
999 _c60165
_d60165